000 00677nam a2200289Ia 4500
005 20260324142044.0
008 008 260324s9999 xx 000 0 eng d
020 _a9780203760437
037 _aEBOOK
040 _aCRL
040 _beng
040 _cCRL
041 _2eng
041 _aeng
084 _qCRL
100 _aVerta Taylor
_91210519
245 0 _aRock-a-by Baby
245 0 _bFeminism, Self-Help and Postpartum Depression
260 _bTaylor and Francis
260 _c1996
365 _a
365 _b265
856 _uhttp://www.taylorfrancis.com/books/9780203760437
942 _cEBOOK
999 _c1814275
_d1814275